LIBRARY & INFORMATION CENTRE, KCAET, TAVANUR

ONLINE PUBLIC ACCESS CATALOGUE (OPAC)

Evaluation and modification of a micro irrigation technique (Record no. 15240)

MARC details
000 -LEADER
fixed length control field 00639nam a22001937a 4500
003 - CONTROL NUMBER IDENTIFIER
control field OSt
088 ## - REPORT NUMBER
Report number P 89
100 ## - MAIN ENTRY--AUTHOR NAME
Personal name JACOB BIJO DANIEL
245 ## - TITLE STATEMENT
Title Evaluation and modification of a micro irrigation technique
260 ## - PUBLICATION, DISTRIBUTION, ETC. (IMPRINT)
Place of publication Tavanur 1999
Name of publisher Kelappaji College of Agricultural Engineering and Technology
300 ## - PHYSICAL DESCRIPTION
Number of Pages 46
500 ## - GENERAL NOTE
General note Evaluation and modification of a micro irrigation technique
520 ## - SUMMARY, ETC.
Summary, etc Evaluation and modification of a micro irrigation technique
700 ## - ADDED ENTRY--PERSONAL NAME
Personal name Prince George
700 ## - ADDED ENTRY--PERSONAL NAME
Personal name Geethi Nath R
700 ## - ADDED ENTRY--PERSONAL NAME
Personal name Er. Rema K. P (Guide)
942 ## - ADDED ENTRY ELEMENTS (KOHA)
Koha item type Project Report
Holdings
Collection code Home library Current library Shelving location Full call number Accession Number Koha item type
Reference KAUAET KAUAET Reference 631.75807 JAC/EV P 89 Project Report
free website counter